Theorie du nuage-Pour une histoire de la peinture (Record n. 69039)

Dettagli MARC
000 -LEADER
fixed length control field 01321nam a2200301Ia 4500
001 - CONTROL NUMBER
control field 1875
003 - CONTROL NUMBER IDENTIFIER
control field IT-RoPAU
008 - FIXED-LENGTH DATA ELEMENTS--GENERAL INFORMATION
fixed length control field 130308s9999 xx 000 0 und d
040 ## - CATALOGING SOURCE
Original cataloging agency IT-RoPAU
040 ## - CATALOGING SOURCE
Transcribing agency IT-RoPAU
041 ## - LANGUAGE CODE
Language code of text/sound track or separate title FRANCESE
999 ## - SYSTEM CONTROL NUMBERS (KOHA)
Koha Dewey Subclass [OBSOLETE] SI
100 ## - MAIN ENTRY--PERSONAL NAME
Personal name Damisch Hubert
100 ## - MAIN ENTRY--PERSONAL NAME
Miscellaneous information Codice Aut. SPICS: 11660
245 ## - TITLE STATEMENT
Title Theorie du nuage-Pour une histoire de la peinture
245 ## - TITLE STATEMENT
Remainder of title Theorie Du Nuage-Pour Une Histoire de la Peinture
250 ## - EDITION STATEMENT
Edition statement 1a ed.
260 ## - PUBLICATION, DISTRIBUTION, ETC. (IMPRINT)
Place of publication, distribution, etc. PARIS
260 ## - PUBLICATION, DISTRIBUTION, ETC. (IMPRINT)
Name of publisher, distributor, etc. Seuil
260 ## - PUBLICATION, DISTRIBUTION, ETC. (IMPRINT)
Date of publication, distribution, etc. 1972 [1° Ed.:1972 - Ed.Ling.Originale:1972]
300 ## - PHYSICAL DESCRIPTION
Extent "344 p. (prefazione: no ; testo: 344)"
500 ## - GENERAL NOTE
General note Teoria della nube per una Storia della Pittura Segno e Sintomo Spazio e Luce Concetti Segni e figure Macchina e sogno Movimento fantasmi Norma e variazione Errore Normale e Patologico Segno e rappresentazione Iconomistica immagini Estasi e Trasporti Codice Ierofanico Segni e Simboli Scrittura Segno e rappresentazione Teatro della Pittura Oggetto della rappresentazione Ripetizione e sostituzione Spazio Sintattico Superficie e Segni Potenze del Contenuto Stile e Teoria Cielo e terra Semiologia e Sociologia Scienza Pittura Tabu' dell'Infinito
650 ## - SUBJECT ADDED ENTRY--TOPICAL TERM
Topical term or geographic name as entry element SAGGI DI PITTURA
650 ## - SUBJECT ADDED ENTRY--TOPICAL TERM
Relator term Codice materia Spics: 5211
942 ## - ADDED ENTRY ELEMENTS (KOHA)
Koha item type LIBRO
957 ## -
-- 1
999 ## - SYSTEM CONTROL NUMBERS (KOHA)
-- 1
Dati di copia
Withdrawn status Lost status Damaged status Not for loan Home library Current library Date acquired Total Checkouts Full call number Date last seen Price effective from Koha item type Public note
    Buone Condizioni Not For Loan SPICS-MEDIATECA SPICS-MEDIATECA 08/03/2013   1875 08/03/2013 08/03/2013 LIBRO Progressivo inserimento: 25015 / N. Volumi: 1 Copie: 1 Copia Rara: SI / data import: 1 marzo 2013 - By Epidotti, Trombetti, Vaglietti.
CREDITS: SOCIETA' SAN PAOLO Via A.Severo, 58 - ROMA (RM) & PERIODICI SAN PAOLO SRL Via Giotto, 36 MILANO & CISF Via Giotto, 36 MILANO & EDIZIONI SAN PAOLO SRL,  Piazza Soncino, 5 CINISELLO BALSAMO (MI) -- ITALY